00925ncm a22002295a 4500001001100000005001700011008004100028080001600069100004100085245006100126254002300187260004500210300003400255490006900289500002400358500011600382500002600498650002400524852001100548952011900559999001700678C00011478c20241029143126.0950810s1891 ddrsyb n 1 ger d a785.1.082.11 aSchumann, Robert (d1810-1856)9845710aSymphonie nº 4 D moll, op. 120 / cvon Robert Schumann. a[Kleine Partitur]. aLeipzig : bErnst Eulenburg, c[d. 1891] aPartitura (151 p.) ; c19 cm.0 aEulenburg's kleine Orchester Partitur Ausgabe. Symphonien ; v13 aN. pl. : E.E. 3613. aFecha de publicación tomada de "The new Grove dictionary of music and musucians", vol. 6, Stanley Sadie 1980. aLegado Pérez Casas. aSinfonías.9144054 jM-2391 001040708MUSICAaRABASFbRABASFcDP1d1995-08-11eDl0oM-2391p1012468r2024-10-15 09:09:37w2024-10-15yPARTA c11269d11269